BUDAPEŠŤ

Podrobná bibliografia
Hlavní autori: Leng, Ladislav, 1930-1973 (Autor), Strausz, Mikuláš, 1905-1983 (Autor)
Médium: Článok
Jazyk:slovenčina

MARC

LEADER 00000nab a2200000uu 4500
001 vtls010884460
003 SK-MaSNL
005 20260303145122.0
008 230222|1964 xo |||||||||||||||||slo|
015 |a SNBRB 
035 |a (urnnbn)urn:nbn:sk:snk:ar-002aqp 
035 |a (uuid)50608409-11c2-464d-ac01-889b6991c3f3 
035 |a urn:nbn:sk:snk-ab8fqr 
040 |a SNKBUCL  |b slo  |c SNKBUCL  |e AACR2 
041 0 |a slo 
044 |a xo  |c SK 
100 1 |a Leng, Ladislav,  |d 1930-1973  |4 aut  |9 39129 
245 1 0 |a BUDAPEŠŤ  |c Ladislav Leng, Mikuláš Strausz 
700 1 |a Strausz, Mikuláš, 1905-1983  |4 aut  |9 203705 
773 0 |t Slovenská hudba : revue pre hudobnú kultúru  |g Roč. 8, č. 10 (1964), s. 325-328 
954 |a odborná, vedecká literatúra pôvodná (slovenská)  |2 lita 
958 |a OND 
958 |a EUIPO 
958 |a article10 
999 |c 2000610  |d 2002540